[Event "Hordaland-ch NGP"]
[Site "Bergen"]
[Date "2016.05.29"]
[Round "4"]
[White "Khan, Imad Ali"]
[Black "Sekkingstad, Thomas"]
[Result "1-0"]
[WhiteElo "1412"]
[BlackElo "757"]
[PlyCount "71"]
[EventDate "2016.05.27"]
[EventType "swiss"]
[EventRounds "5"]
[EventCountry "NOR"]
[SourceTitle "EXT 2024"]
[Source "ChessBase"]
[SourceDate "2023.10.10"]
[SourceVersion "1"]
[SourceVersionDate "2023.10.10"]
[SourceQuality "1"]

1. d4 d5 2. c4 c6 3. Nc3 Nf6 4. e3 g6 5. Nf3 Bf5 6. cxd5 cxd5 7. Qb3 Bc8 8. Bb5+ Nc6 9. Ne5 Bd7 10. Nxd5 Nxe5 11. Bxd7+ Nexd7 12. Qxb7 Qa5+ 13. Nc3 Rb8 14. Qc6 Bg7 15. 0-0 0-0 16. Qf3 e6 17. Ne2 e5 18. b3 Rfc8 19. Bb2 exd4 20. Nxd4 Nc5 21. Nc6 Qa6 22. Nxb8 Rxb8 23. Rfc1 Nfe4 24. Bxg7 Kxg7 25. Qf4 Nxf2 26. Qxb8 Ncd3 27. Rf1 h6 28. Rxf2 Nxf2 29. Qe5+ Kg8 30. Kxf2 Qc8 31. Re1 Qd8 32. Re2 Qh4+ 33. Kf1 f6 34. Qf4 Qh5 35. Qxf6 Kh7 36. h3 1-0

[Event "Straume Romjul op"]
[Site "Straume"]
[Date "2014.12.26"]
[Round "1"]
[White "Khan, Imad Ali"]
[Black "Nilsen, Joachim Birger"]
[Result "0-1"]
[WhiteElo "1433"]
[BlackElo "2366"]
[PlyCount "70"]
[EventDate "2014.12.26"]
[EventType "swiss"]
[EventRounds "5"]
[EventCountry "NOR"]
[SourceTitle "EXT 2024"]
[Source "ChessBase"]
[SourceDate "2023.10.10"]
[SourceVersion "1"]
[SourceVersionDate "2023.10.10"]
[SourceQuality "1"]

1. d4 Nf6 2. c4 g6 3. Nc3 Bg7 4. Nf3 0-0 5. Bg5 d6 6. e3 Nbd7 7. Be2 h6 8. Bh4 c6 9. 0-0 e5 10. dxe5 dxe5 11. Qc2 Qe7 12. Ne4 g5 13. Nxf6+ Nxf6 14. Bg3 Nh5 15. Nd2 Nxg3 16. hxg3 f5 17. e4 f4 18. g4 Be6 19. c5 Kh8 20. b4 h5 21. Qd1 Rad8 22. f3 Rd4 23. Qc2 Rxb4 24. Nb3 Qf6 25. Rad1 Rf7 26. gxh5 Bf8 27. Kf2 Ra4 28. Rb1 g4 29. fxg4 Qh4+ 30. Kg1 Bxb3 31. Rxb3 Rxa2 32. Qc4 Ra5 33. Rc3 Bxc5+ 34. Qxc5 Rxc5 35. Rxc5 Qd8 0-1